000 00539nam a2200229Ia 4500
003 0100
008 130303s9999 xx 000 0 und d
040 _cARRUPELIB
050 _aJA67.D8431966a
100 _aDuverger, Maurice
245 4 _aThe idea of politics
245 _bthe uses of power in society
260 _aLondon
260 _bMethuen
260 _C1966
300 _axiv
300 _b 238p. 22cm.
650 _bHuman Beings
650 _cCivilization--Philosophy
700 _aMaurice Duverger
942 0 0 _03
999 _c38383
_d38383